Análisis hidrológico e hidráulico de la cuenca del río Agres para el control de inundaciones
Guardado en:
| Hovedforfatter: | |
|---|---|
| Format: | Bog |
| Sprog: | Spanish |
| Udgivet: |
[San José], Costa Rica
2013
|
| Fag: | |
| Tags: |
Tilføj Tag
Ingen Tags, Vær først til at tagge denne postø!
|
MARC
| LEADER | 00000nam a22000007a 4500 | ||
|---|---|---|---|
| 003 | 011863 | ||
| 005 | 20221231143903.0 | ||
| 008 | 150318b2013 cr b|||| |||| 00| 0 spa d | ||
| 040 | |c cru CEDI | ||
| 090 | |a TFG 7031 | ||
| 100 | |9 570 |a Alfaro Jiménez, David Enrique | ||
| 245 | |a Análisis hidrológico e hidráulico de la cuenca del río Agres para el control de inundaciones | ||
| 260 | |a [San José], Costa Rica |c 2013 | ||
| 500 | |a Proyecto de graduación (licenciatura en ingeniería civil)--Universidad de Costa Rica. Facultad de Ingeniería. Escuela de Ingeniería Civil | ||
| 650 | |x CUENCA DEL RIO AGRES (COSTA RICA) - INUNDACIONES |x GEOMORFOLOGIA - ESCAZU (SAN JOSE, COSTA RICA) |x URBANISMO - ESCAZU (SAN JOSE, COSTA RICA) |x CLIMATOLOGIA |x CONTROL DE INUNDACIONES |x PRECIPITACION ATMOSFERICA |x ESCORRENTIA URBANA |x CAUCE DE LOS RIOS |x PERCEPCION DE RIESGOS |x HIDROLOGIA URBANA |9 571 | ||
| 942 | |c TFG | ||
| 999 | |c 13753 |d 13753 | ||
